000 01073cam a2200265 i 4500
999 _c174464
_d174464
001 4106074
003 NUST
005 20190402075317.0
008 750122r19751927nyu 000 1 eng
010 _a 75001383
020 _a1843910503
038 _aArshad
040 _aDLC
_cDLC
_dDLC
041 1 _aengfre
050 0 0 _aPZ3.H987
_bDo6
_aPQ2309.H4
082 0 0 _a843.8
_bHUY
100 1 _aHuysmans, J.-K.
_q(Joris-Karl),
_d1848-1907.
_914064
245 1 0 _aWith the fly (A vau-l'eau) and other works, including Marthe, A dish of spices (Le drageoir aux épices), Critical papers (from Certains and L'art moderne), and a Twenty-year-after preface (to A rebours) /
_cby J. K. Huysmans ; from the French, with a critical study by Samuel Putnam.
260 _aNew York :
_bH. Fertig,
_c1975.
300 _axvi, 343 p. ;
_c21 cm.
500 _aReprint of the 1927 ed. published by P. Covici, Chicago.
600 1 0 _aHuysmans, J.-K.
_q(Joris-Karl),
_d1848-1907
_xTranslations into English.
_914065
906 _a7
_bcbc
_corignew
_d1
_eocip
_f19
_gy-gencatlg
942 _2ddc
_cBK